000 00372nam a2200133Ia 4500
008 151001s9999||||xx |||||||||||||| ||und||
100 _aहे ग पांचपोर
245 _aमनी आणि चिमणी
250 _a1
260 _bबालवाड्मय निर्मिती शिबीर
260 _c1960
300 _a35
365 _b7
999 _c952871
_d952868